ბათუმის შოთა რუსთაველის სახელმწიფო უნივერსიტეტის ბიბლიოთეკა

ძეგლის მეგობარი = Друзья памятников культуры : (ბიბ.ჩანაწერი № 61545)

000 -LEADER
fixed length control field 00875nam a22001817a 4500
005 - DATE AND TIME OF LATEST TRANSACTION
control field 20240322145222.0
008 - FIXED-LENGTH DATA ELEMENTS--GENERAL INFORMATION
fixed length control field 240322c1968 ge ||||| |||| 00| 0 geo d
041 ## - LANGUAGE CODE
Language code of text/sound track or separate title geo
245 ## - TITLE STATEMENT
Title ძეგლის მეგობარი = Друзья памятников культуры :
Remainder of title 1968 /
Statement of responsibility, etc. რედაქტორი ირაკლი აბაშიძე.
260 ## - PUBLICATION, DISTRIBUTION, ETC.
Place of publication, distribution, etc. თბილისი,
Date of publication, distribution, etc. 1964-
300 ## - PHYSICAL DESCRIPTION
Extent V.
440 ## - SERIES STATEMENT/ADDED ENTRY--TITLE
Title მატერიალური კულტურის ძეგლები
9 (RLIN) 21550
653 ## - INDEX TERM--UNCONTROLLED
Uncontrolled term ძეგლის მეგობარი
653 ## - INDEX TERM--UNCONTROLLED
Uncontrolled term პერიოდიკა
700 ## - ADDED ENTRY--PERSONAL NAME
Personal name აბაშიძე, ირაკლი
Relator term რედაქტორი
9 (RLIN) 21552
856 ## - ELECTRONIC LOCATION AND ACCESS
Uniform Resource Identifier https://iverieli.nplg.gov.ge/bitstream/1234/27786/3/Dzeglis_Megobari_1968_N16.pdf
Link text ელ. ვერსია. pdf
942 ## - ADDED ENTRY ELEMENTS (KOHA)
Source of classification or shelving scheme
Koha item type პერიოდიკა
ეგზემპლარები
Withdrawn status Lost status Source of classification or shelving scheme Damaged status Not for loan Permanent Location Current Location Date acquired Serial Enumeration / chronology Barcode Date last seen Copy number Uniform Resource Identifier Price effective from Koha item type
          ბათუმის შოთა რუსთაველის სახელმწიფო უნივერსიტეტის მთავარი ბიბლიოთეკა ბათუმის შოთა რუსთაველის სახელმწიფო უნივერსიტეტის მთავარი ბიბლიოთეკა 2024-03-22 # 16 (1968) 81161 2024-03-22 81161 ბსუ-ს საპატიო დოქტორის გურამ ლორთქიფანიძის საჩუქარი 2024-03-22 პერიოდიკა